00572nam a2200193 i 450000100060000000300090000600500170001500700030003200800410003510000390007624500980011525000150021326000330022830000220026149000240028365000150030783000240032285200320034688258ES-MaACL20230906175828.0t|050103s1984 sp ||||1| spa d1 aLaín Entralgo, Pedro,d1908-200113aLa espera y la esperanza b: historia y teoría del esperar humano /cPedro Laín Entralgo. a[2ª ed.]. aMadrid : bAlianza, c[1984] a611 p. ; c20 cm.1 aAlianza universidad 4aEsperanza.0 aAlianza universidad aES-MaACLjL-7842 bR.107079